000 00419nam a2200157Ia 4500
008 220216s9999 xx 000 0 und d
100 _aWithanage S.P
245 0 _aMore than a century of Hevea breeding in Sri Lanka
260 _bRubber Science
_c2019
300 _a227-239
650 _aClone recommendation
650 _aGenetic improvement
650 _aHevea brasiliensis
650 _aSri Lanka
942 _cJS
999 _c63258
_d63258